[Event "EU-ch U14 26th"]
[Site "Prague"]
[Date "2016.08.21"]
[Round "4"]
[White "Stage Steffensen, Sander"]
[Black "Cernicek, Matyas"]
[Result "1-0"]
[WhiteElo "1688"]
[BlackElo "1461"]
[PlyCount "63"]
[EventDate "2016.08.18"]
[EventType "swiss"]
[EventRounds "9"]
[EventCountry "CZE"]
[SourceTitle "CBM 174 Extra"]
[Source "ChessBase"]
[SourceDate "2016.10.10"]
[SourceVersion "1"]
[SourceVersionDate "2016.10.10"]
[SourceQuality "1"]

1. e4 e6 2. d3 d5 3. Nd2 c5 4. Ngf3 Nc6 5. g3 Nf6 6. Bg2 Be7 7. 0-0 0-0 8. Re1 b5 9. h4 a5 10. e5 Nd7 11. Nf1 b4 12. N1h2 Ba6 13. Bf4 Rb8 14. Qd2 c4 15. b3 Nc5 16. Bf1 cxb3 17. axb3 Bb5 18. Ng4 a4 19. bxa4 Nxa4 20. Bh3 Nc3 21. Ngh2 Ba4 22. g4 Qc7 23. g5 Ra8 24. h5 Na5 25. g6 b3 26. Ng5 Bxg5 27. Bxg5 b2 28. Rxa4 Nxa4 29. gxh7+ Kxh7 30. Bf6 gxf6 31. Ng4 Qe7 32. Qh6+ 1-0

[Event "Teplice op 10th"]
[Site "Teplice"]
[Date "2015.06.17"]
[Round "5"]
[White "Cernicek, Matyas"]
[Black "Zmeskal, Stanislav"]
[Result "1/2-1/2"]
[WhiteElo "1445"]
[BlackElo "1750"]
[PlyCount "104"]
[EventDate "2015.06.13"]
[EventType "swiss"]
[EventRounds "9"]
[EventCountry "CZE"]
[SourceTitle "EXT 2017"]
[Source "ChessBase"]
[SourceDate "2016.10.25"]
[SourceVersion "1"]
[SourceVersionDate "2016.10.25"]
[SourceQuality "1"]

1. e4 e5 2. Nf3 Nf6 3. Nxe5 d6 4. Nf3 Nxe4 5. Nc3 Nxc3 6. dxc3 Nc6 7. Bd3 Be7 8. h3 0-0 9. 0-0 Ne5 10. Be4 c6 11. Nxe5 dxe5 12. Qe2 Qc7 13. f3 Be6 14. Be3 b6 15. b3 Rad8 16. Qf2 f5 17. Bd3 Bf6 18. Rad1 Qe7 19. Bd2 Bh4 20. Qe2 Bf6 21. Kh1 Kh8 22. g4 fxg4 23. hxg4 c5 24. c4 Bc8 25. Qh2 g5 26. Rde1 Rf7 27. Bc3 Bb7 28. Kg2 e4 29. Bxf6+ Rxf6 30. Bxe4 Bxe4 31. Rxe4 Qf7 32. Qe5 h6 33. f4 Kh7 34. f5 Rfd6 35. c3 R8d7 36. Rfe1 a5 37. Kf3 Rf6 38. R1e3 h5 39. Qh2 h4 40. Re5 Rfd6 41. Re6 Rxe6 42. Rxe6 Rd3+ 43. Re3 Qd7 44. Qe5 Rxe3+ 45. Kxe3 Qf7 46. f6 Kg6 47. Qf5+ Kh6 48. Kf2 Qg6 49. Qe6 Qc2+ 50. Kf1 Qd1+ 51. Kf2 Qd2+ 52. Kf3 Qd3+ 1/2-1/2

[Event "Teplice op 10th"]
[Site "Teplice"]
[Date "2015.06.15"]
[Round "3"]
[White "Cernicek, Matyas"]
[Black "Zemlicka, Vit"]
[Result "0-1"]
[WhiteElo "1445"]
[BlackElo "2009"]
[PlyCount "44"]
[EventDate "2015.06.13"]
[EventType "swiss"]
[EventRounds "9"]
[EventCountry "CZE"]
[SourceTitle "EXT 2017"]
[Source "ChessBase"]
[SourceDate "2016.10.25"]
[SourceVersion "1"]
[SourceVersionDate "2016.10.25"]
[SourceQuality "1"]

1. e4 e5 2. Nf3 Nc6 3. Bb5 a6 4. Ba4 Nf6 5. 0-0 Be7 6. Re1 b5 7. Bb3 0-0 8. c3 d5 9. Bc2 dxe4 10. Bxe4 Nxe4 11. Rxe4 Bf5 12. Re3 Bc5 13. d4 exd4 14. cxd4 Nxd4 15. Nxd4 Bxd4 16. Re1 Qf6 17. Qe2 Bd3 18. Qd2 Rad8 19. Na3 c5 20. Rd1 Rfe8 21. g3 Re2 22. Qf4 Bxf2+ 0-1

[Event "Teplice op 10th"]
[Site "Teplice"]
[Date "2015.06.14"]
[Round "2"]
[White "Stachowiak, Kamil"]
[Black "Cernicek, Matyas"]
[Result "1-0"]
[WhiteElo "2454"]
[BlackElo "1445"]
[PlyCount "51"]
[EventDate "2015.06.13"]
[EventType "swiss"]
[EventRounds "9"]
[EventCountry "CZE"]
[SourceTitle "EXT 2017"]
[Source "ChessBase"]
[SourceDate "2016.10.25"]
[SourceVersion "1"]
[SourceVersionDate "2016.10.25"]
[SourceQuality "1"]

1. d4 d5 2. c4 e6 3. Nc3 Nf6 4. cxd5 exd5 5. Bg5 Nbd7 6. e3 c6 7. Bd3 Bd6 8. Qc2 0-0 9. Bxh7+ Kh8 10. Bd3 Re8 11. Nge2 Be7 12. Ng3 Nf8 13. 0-0-0 Ne6 14. h4 Ng8 15. Bxe7 Qxe7 16. Nf5 Qd8 17. g4 Nf6 18. g5 Nh5 19. Be2 g6 20. Nh6 Kg7 21. Bxh5 gxh5 22. Ne2 Qd7 23. Ng3 Kf8 24. Nxh5 Rd8 25. Qh7 Ke7 26. Nf5+ 1-0

[Event "Teplice op 10th"]
[Site "Teplice"]
[Date "2015.06.13"]
[Round "1"]
[White "Cernicek, Matyas"]
[Black "Hrbolka, Ladislav"]
[Result "1/2-1/2"]
[WhiteElo "1445"]
[BlackElo "2118"]
[PlyCount "49"]
[EventDate "2015.06.13"]
[EventType "swiss"]
[EventRounds "9"]
[EventCountry "CZE"]
[SourceTitle "EXT 2017"]
[Source "ChessBase"]
[SourceDate "2016.10.25"]
[SourceVersion "1"]
[SourceVersionDate "2016.10.25"]
[SourceQuality "1"]

1. e4 c5 2. Nf3 Nc6 3. d4 cxd4 4. Nxd4 Qb6 5. Nb3 Nf6 6. Nc3 e6 7. Be3 Qc7 8. Be2 Bb4 9. Qd3 d5 10. Bf3 dxe4 11. Bxe4 Nxe4 12. Qxe4 0-0 13. Qc4 e5 14. 0-0-0 Be6 15. Nd5 Rac8 16. c3 Qb8 17. Qh4 Bxd5 18. Rxd5 Be7 19. Qg3 Rfd8 20. Rhd1 Rxd5 21. Rxd5 Rd8 22. Rd2 Rxd2 23. Nxd2 Qd8 24. Kc2 Qa5 25. Qg4 1/2-1/2